The modern technique of rock blasting /

Bibliographic Details
Main Author: Langefors, U.
Other Authors: Kihlström, Björn
Format: Book
Language:English
Published: New York : Wiley, [1967]
Edition:[2d ed.].
Subjects:

MARC

Tag First Indicator Second Indicator Subfields
LEADER 00000cam a2200000 4500
001 in00000096909
005 20150925090607.0
008 680301c19671963nyuac b 00010 eng
010 |a  68003255  
035 |a (OCoLC)00431794 
035 |9 AAL2624AM 
040 |a DLC  |c DLC  |d TXA  |d UtOrBLW 
049 |a TXAM  |c [635684] 
050 0 0 |a TN279  |b .L314 1967 
082 0 |a 622/.23 
100 1 |a Langefors, U. 
245 1 4 |a The modern technique of rock blasting /  |c by U. Langefors and B. Kihlstrom. 
250 |a [2d ed.]. 
264 1 |a New York :  |b Wiley,  |c [1967] 
264 4 |c [©1963] 
300 |a 405 pages :  |b illustrations, portrait ;  |c 24 cm. 
336 |a text  |b txt  |2 rdacontent 
337 |a unmediated  |b n  |2 rdamedia 
338 |a volume  |b nc  |2 rdacarrier 
500 |a On spine: Rock blasting. 
504 |a Bibliography: pages 366-374. 
650 0 |a Blasting. 
700 1 |a Kihlström, Björn. 
740 0 |a Rock blasting. 
999 |a MARS 
999 f f |s 19455426-c28b-38b8-96b3-bfcaf80b6d25  |i 48ce531e-247b-3be6-a069-8524dd893a76  |t 0 
952 f f |p ric  |a Texas A&M University  |b Rellis Campus  |c Joint Library Facility  |d Remote Storage  |t 0  |e TN279 .L314 1967  |h Library of Congress classification  |i unmediated -- volume  |m A14805575510 
998 f f |a TN279 .L314 1967  |t 0  |l Remote Storage